000 00449nam a2200133Ia 4500
008 181022s9999 xx 000 0 und d
020 _a9781506350950
100 _aMcGregor, Sue L.T.
245 _cSue L.T. McGregor.--
_aUnderstanding and evaluating research :
_ba critical guide /
260 _aCalifornia :
_bSage
_c2018
300 _axxx, 568 pages.
500 _aIncludes bibliographical references and index.
650 _aResearch -- evaluation.
999 _c359296
_d359296